000 00675nam a2200193 i 4500
001 179537
003 ES-MaACL
005 20230921204502.0
008 111221s2009 sp a |||| | spa d
080 _a821.134.2-14"19"
100 1 _aJiménez Caraballo, Julia.
_9148777
245 1 4 _aLos túneles del alma /
_cJulia Jiménez Caraballo.
260 _a[S.l. :
_bs.n.],
_cimp. 2009 (
_eAlgeciras, Cádiz :
_fDigigrafic)
300 _a107 p. :
_bil. ;
_c21 cm.
852 _aES-MaACL
_jA-11752
_bR.146386
_cDEPO1
_dOlim: N-4757
_xDonación: Julia Jiménez Caraballo
903 _9148777
_aJiménez Caraballo, Julia
_ednr
942 _2udc
_cMONOGRAFIA
999 _c179537
_d179537